The Fables of Pilpay : an ancient Indian philosopher.

Bibliographic Details
Format: Microform Book
Language:English
Edition:A Lilliputian folio ed. of Pilpay's fables.
Series:Opie collection of children's literature ; 009:032.
Subjects:

MARC

Tag First Indicator Second Indicator Subfields
LEADER 00000cam a2200000Ia 4500
001 in00002565166
005 20151201153923.0
007 hd bfv---baap
007 he amv---bacp
008 950515s1801 enk jb 000 1 eng d
035 |a (OCoLC)ocm32472328 
037 |a CL0021000009  |b ProQuest Information and Learning 300 N. Zeeb Rd., Ann Arbor, MI 48106 
040 |a OPP  |c OPP  |d UtOrBLW 
049 |a OPPA 
090 |a PZ5  |b .O67 1990 no.009:032. 
245 0 4 |a The Fables of Pilpay :  |b an ancient Indian philosopher. 
250 |a A Lilliputian folio ed. of Pilpay's fables. 
264 3 |a London :  |b Reprinted for R. Snagg,  |c 1801 
264 3 |a [London] :  |b Printed by Evans and Ruffy 
300 |a 122 pages 
336 |a text  |b txt  |2 rdacontent 
337 |a microform  |b h  |2 rdamedia 
338 |a microfiche  |b he  |2 rdacarrier 
500 |a Reproduction of original in the Bodleian Library. 
510 4 |a Opie  |c C 51 
533 |a Microfiche.  |b Ann Arbor, Mich. :  |c University Microfilms International,  |d 1993.  |e 2 microfiche ; 11 x 15 cm.  |f (Opie collection of children's literature ; 009:032)  |7 s1993 miun b 
500 |a Microform. 
650 0 |a Miniature books  |v Specimens. 
650 0 |a Fables. 
730 0 2 |a Fables of Bidpai.  |l English.  |f 1801. 
830 0 |a Opie collection of children's literature ;  |v 009:032. 
999 |a MARS 
999 f f |s 981b7aa7-a9e7-3d5a-8488-164136f0f0a1  |i 0a81b1c7-50d2-34d7-aa2b-473b3ab6e9ff  |t 0 
952 f f |a Texas A&M University  |b College Station  |c Sterling C. Evans Library  |d Evans: Microforms Fiche (3rd floor)  |t 0  |e PZ5 .O67 1990 no.009:032.  |h Library of Congress classification 
998 f f |a PZ5 .O67 1990 no.009:032.  |t 0  |l Evans: Microforms Fiche (3rd floor)